Kant (Registro nro. 301577)
[ vista simple ]
| 000 -ENCABEZADO | |
|---|---|
| Número de control [NR] | 01557nam a22002777a 4500 |
| 005 - FECHA Y HORA DE LA ÚLTIMA TRANSACCIÓN | |
| control field | 20150923094005.0 |
| 008 - DE LONGITUD FIJA DE DATOS DE ELEMENTOS - INFORMACIÓN GENERAL | |
| Elementos de longitud fija [NR] | 150923n fr ||||fr|||| 001 0dspa d |
| 040 ## - FUENTE DE CATALOGACION [NR] | |
| Quien Cataloga | Sandra Yazo |
| Quien Clasifica | Sandra Yazo |
| 041 1# - CODIGO DE IDIOMA [R] | |
| Código de idioma para texto/pista de sonido o título separado [R] | Español |
| 082 04 - NUMERO DE CLASIFICACION DECIMAL DEWEY [R] | |
| Número de la edición [NR] | 20 |
| Número de clasificación [R] | 193 |
| 092 ## - SIGNATURA TOPOGRAFICA LOCAL | |
| Número de clasificación local | E37N078 |
| 100 1# - ASIENTO PRINCIPAL--NOMBRE PERSONAL [NR] | |
| Nombre personal [NR] | Gillouin, René |
| ID Autoridad | 71686 |
| 245 10 - MENCION DE TITULO [NR] | |
| Título [NR] | Kant |
| Parte restante del título [NR] | Trozos escogidos con estudios del sistema filosófico y nocticias biográficas y bibliográficas |
| Mención de responsabilidad, etc. [NR] | por René Gillouin ; Traducción de Anselmo González y J. Gómez de Fabián |
| 260 ## - PUBLICACION, DISTRIBUCION, ETC. (PIE DE IMPRENTA) [R] | |
| Lugar de publicación, distribución, etc. [R] | París (Francia) |
| Nombre del editor, distribuidor, etc. [R] | Sociedad de ediciones Luis - Michaud |
| Fecha de publicación, distribución, etc. [R] | [fecha desconocida] |
| 300 ## - DESCRIPCION FISICA [R] | |
| Extensión [R] | 22 páginas |
| Dimensiones [R] | 19 x 12 cm. |
| 490 #4 - MENCION DE SERIE [R] | |
| Mención de serie [R] | Los grandes filósofos franceses y extranjeros |
| 500 ## - NOTA GENERAL [R] | |
| Nota general [NR] | Detalles físicos: Encuadernación flexible en cartulina. Tapa con ilustración y algunos datos de publicación impresos en dos tintas. Hoja de cortesía. Anteportada. Portada impresa en una sola tinta. Texto en una sola columna. Algunas ilustraciones entre el texto. Notas al pie de página. Ejemplar empieza a desencuadernarse |
| 505 0# - NOTA DE CONTENIDO CON FORMATO PREESTABLECIDO [R] | |
| Nota de contenido con formato preestablecido [NR] | Kant, su vida, su filosofía ; Bibliografía ; Trozos escogidos de las obras de Kant: Teoría del conocimiento ; Filosofía moral y religiosa ; Estética y teleología |
| 506 ## - NOTA DE RESTRICCIONES DE ACCESO [R] | |
| Condiciones de acceso [NR] | Consulta en sala |
| 600 14 - ASIENTO SECUNDARIO DE MATERIA - NOMBRE PERSONAL [R] | |
| 9 (RLIN) | 29776 |
| Nombre personal [NR] | Kant, Immanuel |
| Fechas asociadas con el nombre [NR] | 1724-1804 |
| Subdivisión general [R] | Colecciones de escritos |
| 650 #7 - ASIENTO SECUNDARIO DE MATERIA - TERMINO TEMATICO [R] | |
| 9 (RLIN) | 49628 |
| Término temático o nombre geográfico como elemento de entrada [NR] | Filosofía alemana |
| 690 ## - ASUNTO AGREGADO LOCAL DE ENTRADA - TÉRMINO TEMÁTICO (OCLC, RLIN) | |
| 9 (RLIN) | 42814 |
| Acceso temático local | Filosofía |
| 700 1# - ASIENTO SECUNDARIO - NOMBRE PERSONAL [R] | |
| Nombre personal [NR] | González, Anselmo |
| Término de relación [R] | traductor |
| 9 (RLIN) | 71687 |
| 700 1# - ASIENTO SECUNDARIO - NOMBRE PERSONAL [R] | |
| Nombre personal [NR] | Gómez de Fabián, J. |
| Término de relación [R] | traductor |
| 9 (RLIN) | 71688 |
| 942 ## - ELEMENTOS DE ENTRADA AGREGADOS (KOHA) | |
| Sistema de clasificación | LOCAL |
| Tipo de ítem principal el descrito en 300a | Libro |
| Edición | 1 |
| Clasificación | E37N078 |
| Suprimido | Perdido | Sistema de clasificación | Dañado | No prestable | Tipo de ítem específico | Ubicación habitual | Ubicación actual | Localización | Fecha de creación | Forma de adquisición | Costo | Total préstamos | Signatura topográfica | Código de barras | Última vez visto | Ejemplar | Price effective from | Tipo de ítem |
|---|---|---|---|---|---|---|---|---|---|---|---|---|---|---|---|---|---|---|
| LOCAL | Libro archivo | Archivo Histórico | Archivo Histórico | Archivo histórico | 23/09/2015 | Donación | 0.00 | E37N078 | L005170 | 23/09/2015 | Ej.1 | 23/09/2015 | Libro |